[Event "Let's Play Chess!"]
[Site "http://www.queenalice.com/game.php?id=1608206"]
[Date "2020.4.18"]
[Round "-"]
[White "Nomad"]
[Black "caradepau"]
[Result "1-0"]
[WhiteElo "1934"]
[BlackElo "1543"]

1. e4 e5 2. Nf3 Nc6 3. Bb5 Nge7 4. O-O a6 5. Ba4 b5 6. Bb3 h6 7. c3 Ng6 8. d4
Bd6 9. d5 Na7 10. a3 Qe7 11. Be3 c6 12. c4 O-O 13. Nc3 a5 14. cxb5 cxb5 15. Qd3
b4 16. Nb5 Nxb5 17. Qxb5 Ba6 18. Qb6 Bxf1 19. Kxf1 Rfb8 20. axb4 Rxb6 21. Bxb6
Nf4 22. bxa5 Nd3 23. Rb1 Nb4 24. Nd2 Qe8 25. Nc4 Qe7 26. Ke2 Rc8 27. g3 Bc5 28.
h4 Bxb6 29. Nxb6 Rb8 30. Rc1 Rb7 31. Rc8+ Kh7 32. Ba4 g5 33. h5 g4 34. Bb5 Qf6
35. Rc3 Qg5 36. Bxd7 Qxh5 37. Bf5+ Kg7 38. d6 Qg5 39. Rc7 Rxc7 40. dxc7 Nc2 41.
c8=Q Nd4+ 42. Kd1 Nb3 43. Qc3 Nd4 44. Qd2 Qxd2+ 45. Kxd2 Nxf5 46. exf5 Kf6 47.
a6 Kxf5 48. a7 h5 49. a8=Q e4 50. Qd5+ Kg6 51. Qxe4+ f5 52. Qe6+ Kg5 53. Nd5 h4
54. Qf6+ Kh5 55. Nf4# 1-0

[Event "Let's Play Chess!"]
[Site "http://www.queenalice.com/game.php?id=1608211"]
[Date "2020.4.18"]
[Round "-"]
[White "Nomad"]
[Black "Bigchess"]
[Result "1-0"]
[WhiteElo "1500"]
[BlackElo "1745"]

1. e4 e5 2. Nf3 Nc6 3. d4 Nxd4 4. Nxd4 exd4 5. Qxd4 d6 6. Nc3 Be6 7. Be2 Nf6 8.
Bg5 Be7 9. O-O O-O 10. Rad1 a6 11. Nd5 Nxd5 12. exd5 Bxg5 13. dxe6 fxe6 14. Bf3
Rb8 15. Rfe1 e5 16. Qd5+ Kh8 17. c4 Qf6 18. Qe4 Bf4 19. Rd3 Qh6 20. g3 Bg5 21.
Red1 b6 22. b4 Qf6 23. a4 Qf7 24. Qd5 Qf6 25. h4 Bh6 26. b5 a5 27. Qe4 Rf7 28.
Kg2 Qf5 29. Qxf5 Rxf5 30. g4 Rf4 31. Rc3 g5 32. h5 Rbf8 33. Re1 Rxf3 34. Rxf3
Rxf3 35. Kxf3 1-0

[Event "Manhattan Transfer"]
[Site "http://www.queenalice.com/game.php?id=1608666"]
[Date "2020.4.21"]
[Round "-"]
[White "Nomad"]
[Black "sph44"]
[Result "1/2-1/2"]
[WhiteElo "1902"]
[BlackElo "1857"]

1. e4 e5 2. Nf3 Nc6 3. Bb5 Nd4 4. Nxd4 exd4 5. O-O c6 6. Bc4 b5 7. Bb3 Bd6 8.
Qf3 Nf6 9. d3 O-O 10. Bg5 Be5 11. Bxf6 Qxf6 12. Qxf6 Bxf6 13. f4 d6 14. h3 a5
15. a3 a4 16. Ba2 Re8 17. Re1 Be6 18. Bxe6 Rxe6 19. Nd2 Rae8 20. Nf3 h6 21. g4
g5 22. fxg5 hxg5 23. Re2 Kg7 24. Rae1 c5 25. Nd2 Be5 26. Kg2 Kg6 27. Nf3 Bf4 28.
h4 gxh4 29. Nxh4+ Kg5 30. Kf3 Rh8 31. Rh1 Be5 32. Kg2 Rxh4 33. Rxh4 Kxh4 34. Re1
Kxg4 35. Rh1 Re7 36. Rh7 Kf4 37. Kf2 Kg4 38. b3 axb3 39. cxb3 Rb7 40. Rh1 f5 41.
Rg1+ Kf4 42. Ke2 b4 43. a4 fxe4 44. Rf1+ Kg5 45. dxe4 Rd7 46. Rf5+ Kg4 47. Kd3
d5 48. Rxe5 dxe4+ 49. Rxe4+ Kf5 50. Re8 Ra7 51. Rc8 Ra5 52. Rd8 Ke5 53. Re8+ Kd5
54. Rd8+ Ke5 55. Re8+ Kd5 56. Rd8+ Kc6 57. Rc8+ Kd7 58. Rh8 Kd6 59. Rh6+ Kd5 60.
Rh5+ Kd6 61. Rh6+ Kd5 62. Rh5+ Kc6 63. Rh6+ Kd5 64. Rh5+ Kc6 65. Rh6+ Kd5
1/2-1/2

[Event "Gravity's Rainbow"]
[Site "http://www.queenalice.com/game.php?id=1608667"]
[Date "2020.4.21"]
[Round "-"]
[White "sph44"]
[Black "Nomad"]
[Result "1-0"]
[WhiteElo "1843"]
[BlackElo "1967"]

1. e4 e6 2. d4 d5 3. e5 c5 4. Be3 cxd4 5. Bxd4 Nc6 6. Nf3 Nxd4 7. Nxd4 a6 8. Bd3
Bc5 9. c3 b5 10. b4 Ba7 11. O-O Ne7 12. Qg4 Ng6 13. Bxg6 hxg6 14. Nd2 Bb7 15.
N2f3 Rc8 16. Rac1 Rc4 17. Nd2 Rh4 18. Qe2 Rc8 19. N2f3 Re4 20. Qd3 Bb8 21. Rfe1
Rxe1+ 22. Rxe1 Qc7 23. Rc1 Ke7 24. g3 Rh8 25. Re1 Qc4 26. Qxc4 dxc4 27. h4 Bxf3
28. Nxf3 f6 29. a3 Rd8 30. Nd4 Rc8 31. exf6+ gxf6 32. Rxe6+ Kf7 33. f4 Ba7 34.
Rd6 Bxd4+ 35. Rxd4 Rc6 36. Kf2 f5 37. Kf3 Kf6 38. Rd5 Re6 39. Kf2 Rc6 40. Kf3
Re6 41. g4 Rc6 42. gxf5 gxf5 43. h5 Re6 44. Kf2 Rc6 45. Kg3 Ke6 46. Rd2 Rc7 47.
Kh4 Rg7 48. h6 Rg4+ 49. Kh5 Rg3 50. h7 Rxc3 51. Rh2 1-0

[Event "Let's Play Chess!"]
[Site "http://www.queenalice.com/game.php?id=1608709"]
[Date "2020.4.22"]
[Round "-"]
[White "Nomad"]
[Black "charles31"]
[Result "1-0"]
[WhiteElo "1823"]
[BlackElo "1702"]

1. d4 d5 2. c4 dxc4 3. Nf3 b5 4. a4 c6 5. e3 a5 6. Nc3 b4 7. Ne4 e6 8. Bxc4 Bd6
9. O-O Ba6 10. Qd3 Bxc4 11. Qxc4 Nf6 12. Nxd6+ Qxd6 13. b3 O-O 14. Ne5 Rc8 15.
Bb2 Nbd7 16. Nxd7 Nxd7 17. e4 Qf4 18. Rfe1 c5 19. Bc1 Qg4 20. f3 Qh4 21. Be3
cxd4 22. Qxd4 Nf6 23. Rec1 Rd8 24. Qc4 Qh5 25. Rd1 Rdc8 26. Qd3 Rc3 27. Qd8+ 1-0

[Event "Let's Play Chess!"]
[Site "http://www.queenalice.com/game.php?id=1608712"]
[Date "2020.4.22"]
[Round "-"]
[White "charles31"]
[Black "Nomad"]
[Result "0-1"]
[WhiteElo "1702"]
[BlackElo "1893"]

1. Nc3 d5 2. d4 Nf6 3. Nf3 e6 4. a3 c5 5. dxc5 Bxc5 6. Bf4 a6 7. Qd2 Ng4 8. e3
O-O 9. h3 Nf6 10. Bd3 h6 11. Na4 Bd6 12. Bxd6 Qxd6 13. O-O-O b5 14. Nc3 Bb7 15.
e4 dxe4 16. Na2 exd3 17. Qxd3 Qxd3 18. Rxd3 Nc6 19. g4 Ne4 20. Rh2 Rad8 21. Re3
f5 22. gxf5 exf5 23. Nh4 Ne7 24. f3 Nd5 25. Rxe4 fxe4 26. fxe4 Ne3 27. b3 Rf1+
0-1

[Event "Challenge"]
[Site "http://www.queenalice.com/game.php?id=1609215"]
[Date "2020.4.25"]
[Round "-"]
[White "Nomad"]
[Black "ROYANDROLL"]
[Result "1/2-1/2"]
[WhiteElo "1823"]
[BlackElo "1420"]

1. e4 e5 2. Nf3 d6 3. d4 f6 4. dxe5 fxe5 5. Bc4 Nf6 6. Ng5 Bg4 7. Qd3 d5 8. exd5
e4 9. Qb3 Qd6 10. Qxb7 Qb4+ 11. Qxb4 Bxb4+ 12. c3 Bd6 13. O-O h6 14. Ne6 Bxe6
15. dxe6 Nc6 16. h3 O-O 17. e7+ Rf7 18. Bxf7+ Kxf7 19. f3 exf3 20. Rxf3 Bxe7 21.
Nd2 Ne5 22. Re3 Bc5 23. Nf3 Bxe3+ 24. Bxe3 Nxf3+ 25. gxf3 a5 26. a4 Re8 27. Kf2
Kg6 28. Re1 Kh5 29. Kg2 Nd5 30. Kf2 Kh4 31. Bd4 Rxe1 32. Kxe1 Kxh3 33. Bxg7 h5
34. Kf2 Nf4 35. Bf8 Nd3+ 36. Ke3 Nxb2 37. Be7 Nxa4 38. Bd8 Nxc3 39. Kd3 Nd5 40.
Kc4 c6 41. Kc5 a4 42. Kxc6 Nc3 43. Bf6 Ne2 44. Kb5 Kg3 45. Kxa4 Kxf3 46. Kb3 Kg4
47. Kc2 Nf4 48. Kd2 h4 49. Bxh4 Kxh4 50. Ke3 1/2-1/2

[Event "Let's Play Chess!"]
[Site "http://www.queenalice.com/game.php?id=1610393"]
[Date "2020.5.2"]
[Round "-"]
[White "igorjava"]
[Black "Nomad"]
[Result "1/2-1/2"]
[WhiteElo "1931"]
[BlackElo "1897"]

1. e4 c5 2. Nf3 d6 3. d4 cxd4 4. Nxd4 Nf6 5. Nc3 a6 6. a3 e5 7. Nf3 h6 8. h3 Be6
9. Be2 Be7 10. O-O O-O 11. b4 b5 12. Bb2 Nc6 13. Bd3 Qc7 14. Rc1 Rac8 15. Ne2
Rfd8 16. Nd2 Qb7 17. Kh1 Rc7 18. f4 exf4 19. Nxf4 Ne5 20. Nxe6 fxe6 21. Qe2 Nxd3
22. cxd3 Rdc8 23. Nf3 Rxc1 24. Bxc1 Rc3 25. Bb2 Rc6 26. Qd2 Qc8 27. Rc1 Rxc1+
28. Qxc1 Qxc1+ 29. Bxc1 Nd7 30. d4 Bf6 31. h4 Nb6 32. e5 Be7 33. g3 d5 34. Nd2
g5 35. Nf3 g4 36. Nd2 h5 37. Nb3 Nd7 38. Nc5 Nxc5 39. bxc5 Kf7 40. Kg2 Bd8 41.
Bd2 Bc7 42. Kf2 Kg6 43. Ke3 Kf5 44. Kd3 a5 45. Ke3 Bd8 46. Kd3 Bc7 47. Ke3 Bd8
48. Kd3 Bc7 1/2-1/2

[Event "Let's Play Chess!"]
[Site "http://www.queenalice.com/game.php?id=1610394"]
[Date "2020.5.2"]
[Round "-"]
[White "Nomad"]
[Black "igorjava"]
[Result "0-1"]
[WhiteElo "1900"]
[BlackElo "2034"]

1. d4 d5 2. c4 c6 3. Nf3 Nf6 4. Nc3 e6 5. e3 b6 6. Bd3 Bd6 7. O-O a6 8. b3 O-O
9. h3 b5 10. c5 Bc7 11. b4 a5 12. Ba3 Na6 13. Qb3 a4 14. Qc2 g6 15. Rab1 Nh5 16.
Bc1 Qe7 17. a3 f6 18. Re1 e5 19. Be2 Ng7 20. Nh2 e4 21. f3 f5 22. f4 Be6 23. g3
g5 24. Bd1 gxf4 25. exf4 Bf7 26. Be3 Be6 27. Qg2 Kh8 28. Kh1 Rg8 29. Rg1 Qf7 30.
g4 fxg4 31. Bxg4 Nf5 32. Qf2 Bd8 33. Bxf5 Bxf5 34. Rxg8+ Kxg8 35. Rg1+ Kh8 36.
Ng4 Bf6 37. Kh2 Qe7 38. Nxf6 Qxf6 39. Qg3 Bg6 40. Ne2 Rg8 41. Qf2 Nc7 42. Rg4
Ne6 43. Ng3 Rf8 44. Qd2 h5 45. Rxg6 Qxg6 46. f5 Rxf5 47. Nxf5 Qxf5 48. Qg2 Nf4
49. Qg3 Ne2 50. Qe5+ Qxe5+ 51. dxe5 Kg7 52. h4 Kf7 53. Bg5 Nc3 54. Kg3 Ke6 55.
Bf6 Nb1 56. Bg5 Kxe5 57. Bc1 Kf5 58. Bb2 Nd2 59. Bc1 Nc4 60. Kh3 d4 61. Kg3 d3
62. Kf2 Kg4 0-1

[Event "Rock'n'Roll "]
[Site "http://www.queenalice.com/game.php?id=1612191"]
[Date "2020.5.14"]
[Round "-"]
[White "Nomad"]
[Black "bobifixer"]
[Result "1/2-1/2"]
[WhiteElo "1887"]
[BlackElo "1960"]

1. e4 c5 2. Nf3 d6 3. d4 cxd4 4. Nxd4 Nf6 5. Nc3 a6 6. Bg5 e6 7. f4 Qc7 8. Bxf6
gxf6 9. Qd2 Nc6 10. O-O-O b5 11. Nxc6 Qxc6 12. a3 Bb7 13. Rg1 O-O-O 14. g3 Kb8
15. Bg2 Qc5 16. Qd4 Qxd4 17. Rxd4 h5 18. Rgd1 Be7 19. Bf3 h4 20. g4 Rhe8 21. h3
f5 22. g5 fxe4 23. Bxe4 Bxe4 24. Nxe4 d5 25. Nc3 Bc5 26. R4d3 Kc7 27. b4 Bd6 28.
Ne2 Kb7 29. Rd4 1/2-1/2

[Event "Let's Play Chess!"]
[Site "http://www.queenalice.com/game.php?id=1613471"]
[Date "2020.5.23"]
[Round "-"]
[White "Nomad"]
[Black "Bigchess"]
[Result "1-0"]
[WhiteElo "1936"]
[BlackElo "1754"]

1. e4 e5 2. Nf3 d6 3. d4 exd4 4. Nxd4 Nf6 5. Nc3 Be7 6. Be2 Nbd7 7. O-O Ne5 8.
h3 b6 9. f4 Ng6 10. Bf3 Bb7 11. Qe1 Rb8 12. e5 dxe5 13. Bc6+ Bxc6 14. Nxc6 1-0

[Event "Let's Play Chess!"]
[Site "http://www.queenalice.com/game.php?id=1614646"]
[Date "2020.5.31"]
[Round "-"]
[White "ArmandoFerreira"]
[Black "Nomad"]
[Result "1-0"]
[WhiteElo "2824"]
[BlackElo "1900"]

1. d4 f5 2. Bg5 g6 3. Nc3 Bg7 4. e3 Nf6 5. h4 h6 6. Bxf6 Bxf6 7. Qf3 e6 8. g4
Nc6 9. Nge2 d5 10. gxf5 exf5 11. Nf4 Ne7 12. Ncxd5 Kf7 13. Bc4 Nxd5 14. Bxd5+
Kg7 15. O-O-O c6 16. Bb3 Bxh4 17. Nxg6 Kxg6 18. Rdg1+ Bg5 19. Qh5+ Kf6 20. Qf7#
1-0

[Event "Let's Play Chess!"]
[Site "http://www.queenalice.com/game.php?id=1614647"]
[Date "2020.5.31"]
[Round "-"]
[White "Nomad"]
[Black "ArmandoFerreira"]
[Result "0-1"]
[WhiteElo "1878"]
[BlackElo "2830"]

1. d4 Nf6 2. c4 e6 3. Nc3 Bb4 4. e3 O-O 5. Bd3 b6 6. Ne2 d5 7. O-O Ba6 8. b3 Re8
9. Bb2 Bf8 10. a3 Nbd7 11. Qc2 dxc4 12. bxc4 c5 13. Rfd1 cxd4 14. Nxd4 Bb7 15.
Ne4 Bxe4 16. Bxe4 Nxe4 17. Qxe4 Nc5 18. Qc2 Qc8 19. Rac1 e5 20. Nf5 Qc6 21. Rd5
f6 22. Rcd1 Rac8 23. Nd6 Bxd6 24. Rxd6 Qe4 25. Qxe4 Nxe4 26. Rd7 a5 27. Rb7 Red8
28. Rd5 Nd6 29. f4 Nxb7 0-1

[Event "Let's Play Chess!"]
[Site "http://www.queenalice.com/game.php?id=1614787"]
[Date "2020.6.1"]
[Round "-"]
[White "Nomad"]
[Black "charles31"]
[Result "1-0"]
[WhiteElo "1878"]
[BlackElo "1600"]

1. e4 e5 2. Nf3 d6 3. d4 exd4 4. Nxd4 Nf6 5. Nc3 h6 6. Be2 Bd7 7. O-O Nc6 8. Be3
a6 9. a3 Nxd4 10. Bxd4 Bc6 11. Bf3 Be7 12. Re1 Qd7 13. h3 h5 14. Re3 O-O-O 15.
Qe2 g5 16. e5 Bxf3 17. Qxf3 dxe5 18. Bxe5 g4 19. hxg4 hxg4 20. Qg3 Rh6 21. Rd3
Qf5 22. Rad1 Rxd3 23. Rxd3 Ne4 24. Nxe4 Qxe4 25. Qe3 Qxe3 26. Rxe3 f5 27. Bf4
1-0

[Event "Dr. Schlichter von Koenigswald"]
[Site "http://www.queenalice.com/game.php?id=1620010"]
[Date "2020.7.11"]
[Round "-"]
[White "sph44"]
[Black "Nomad"]
[Result "1-0"]
[WhiteElo "1802"]
[BlackElo "1903"]

1. e4 e6 2. d4 d5 3. e5 c5 4. Nf3 Nc6 5. Bb5 Bd7 6. O-O Qb6 7. Bxc6 Bxc6 8. b3
cxd4 9. Nxd4 Bc5 10. Nxc6 Qxc6 11. Qg4 Ne7 12. Qxg7 Rg8 13. Qxh7 Bd4 14. c3 Bxe5
15. g3 Bxc3 16. Nxc3 Qxc3 17. Be3 Qg7 18. Qxg7 Rxg7 19. Bd4 Rg6 20. Rac1 Nc6 21.
Bb2 e5 22. Rfe1 Re6 23. Rcd1 O-O-O 24. h4 d4 25. f3 Rg6 26. Kf2 Rdg8 27. g4 f5
28. g5 Rf8 29. Kg3 Kd7 30. a4 a5 31. f4 exf4+ 32. Kxf4 Rd6 33. h5 d3 34. g6 1-0

[Event "Bernhard V. O'Hare"]
[Site "http://www.queenalice.com/game.php?id=1620011"]
[Date "2020.7.11"]
[Round "-"]
[White "Nomad"]
[Black "sph44"]
[Result "0-1"]
[WhiteElo "1832"]
[BlackElo "1822"]

1. d4 d5 2. c4 dxc4 3. Nf3 b5 4. a4 Bd7 5. e3 c6 6. Ne5 e6 7. axb5 cxb5 8. Qf3
f6 9. Qh5+ g6 10. Nxg6 hxg6 11. Qxh8 Nh6 12. Bd2 Nc6 13. Nc3 a6 14. Ne4 f5 15.
Nf6+ Kf7 16. Nxd7 Qxd7 17. Qh7+ Bg7 18. d5 Qxd5 19. Bc3 e5 20. Rd1 Qe6 21. f4
Rh8 22. Qxh8 Bxh8 23. Be2 Bf6 24. fxe5 Bxe5 25. O-O Bxc3 26. bxc3 Qxe3+ 27. Rf2
Ke6 28. Bf3 Ne5 29. Kf1 Qxc3 30. Bd5+ Kf6 31. Be4 Nhg4 32. Rd6+ Kg5 33. Rfd2
fxe4 34. h3 Nh2+ 35. Kg1 Qg3 36. R6d5 Kf4 37. Rf2+ Nef3+ 0-1

[Event "Saudades Eternas Lóia"]
[Site "http://www.queenalice.com/game.php?id=1620312"]
[Date "2020.7.14"]
[Round "-"]
[White "Nomad"]
[Black "zubarev"]
[Result "1-0"]
[WhiteElo "1885"]
[BlackElo "1803"]

1. e4 e5 2. Nf3 Nc6 3. Bb5 d6 4. d4 Bd7 5. Nc3 Be7 6. Bxc6 Bxc6 7. dxe5 dxe5 8.
Qxd8+ Rxd8 9. Nxe5 Nf6 10. Nxc6 bxc6 11. O-O O-O 12. h3 Rb8 13. b3 Nd7 14. Be3
f6 15. Rfd1 Bb4 16. Ne2 Bd6 17. Bxa7 Rb7 18. Bd4 Ne5 19. f4 Nf7 20. c4 Re8 21.
e5 fxe5 22. fxe5 Be7 23. Re1 Bg5 24. Ng3 Bh4 25. Kh2 Nd8 26. Re3 Ne6 27. Bc3 Bg5
28. Rf3 Nf4 29. Ne4 Bh6 30. Nc5 Rbb8 31. Re1 Ne6 32. Nxe6 Rxe6 33. g3 Ra8 34.
Rd3 Rxa2+ 35. Kh1 Re7 36. Rf1 Ra3 37. Rd8+ 1-0

[Event "Lóia 7 dias hoje"]
[Site "http://www.queenalice.com/game.php?id=1620313"]
[Date "2020.7.14"]
[Round "-"]
[White "zubarev"]
[Black "Nomad"]
[Result "1-0"]
[WhiteElo "1730"]
[BlackElo "1920"]

1. d4 f5 2. Nc3 d5 3. e3 Nf6 4. Nf3 e6 5. Be2 a6 6. O-O Nc6 7. Ne5 Nxe5 8. dxe5
Ne4 9. Nxe4 fxe4 10. f3 exf3 11. Bxf3 Qe7 12. c3 Bd7 13. Bd2 O-O-O 14. Rc1 Kb8
15. Qe2 Bb5 16. c4 dxc4 17. Qf2 c3 18. Bxc3 Bxf1 19. Rxf1 h5 20. Qc2 g5 21. Qe4
Qh7 22. Qxb7# 1-0

[Event "Bodhisatwa"]
[Site "http://www.queenalice.com/game.php?id=1621759"]
[Date "2020.7.26"]
[Round "-"]
[White "Nomad"]
[Black "zubarev"]
[Result "0-1"]
[WhiteElo "1858"]
[BlackElo "1716"]

1. d4 d5 2. c4 dxc4 3. e4 Nf6 4. e5 Nfd7 5. Bxc4 Nb6 6. Bd3 e6 7. Nc3 Bb4 8. a3
Be7 9. Nf3 O-O 10. O-O c6 11. Be3 f6 12. Qc2 Bd7 13. Bxh7+ Kh8 14. Bd3 Be8 15.
b4 f5 16. Qc1 Bh5 17. Ng5 Qd7 18. Nh3 Nd5 19. Nxd5 cxd5 20. Bg5 Qd8 21. Bxe7
Qxe7 22. Qg5 Qxg5 23. Nxg5 Re8 24. Rfc1 Nc6 25. Bb5 a6 26. Bxc6 bxc6 27. Rxc6
Rac8 28. Rxc8 Rxc8 29. Nxe6 Rc4 30. f3 Rc2 31. Nc7 Rxc7 32. e6 Re7 33. Re1 Be8
34. Re5 g6 35. Rxd5 Rxe6 36. Rd8 Kg7 37. d5 Re5 38. f4 Re4 39. d6 Bb5 40. d7 Rd4
41. g3 Rd3 42. Kf2 Bxd7 43. a4 Kf6 44. b5 Ke7 45. Rb8 axb5 46. axb5 Rb3 47. b6
Bc6 48. Rg8 Kf7 49. Rb8 Ke6 0-1